| 000 | 00349nam a2200133Ia 4500 | ||
|---|---|---|---|
| 008 | 240624s9999 xx 000 0 und d | ||
| 041 | _aeng | ||
| 082 | _a332.1 PAU | ||
| 100 | _aPAUL JUSTIN | ||
| 245 | _aMANAGEMENT OF BANKING AND FINANCIAL SERV | ||
| 260 |
_c2008 _aNew Delhi _bPearson Education |
||
| 300 | _a658 : p. : cm. ; 26 | ||
| 365 |
_cRS _b36 |
||
| 999 |
_c12381 _d12381 |
||